ბათუმის შოთა რუსთაველის სახელმწიფო უნივერსიტეტის ბიბლიოთეკა

ციცინათელა (ბიბ.ჩანაწერი № 43136)

000 -LEADER
fixed length control field 00752nam a2200253Ia 4500
001 - CONTROL NUMBER
control field 9857
003 - CONTROL NUMBER IDENTIFIER
control field GE_BSU
008 - FIXED-LENGTH DATA ELEMENTS--GENERAL INFORMATION
fixed length control field 181216s||||||||xx |||||||||||||| ||und||
020 ## - INTERNATIONAL STANDARD BOOK NUMBER
International Standard Book Number 999284325x
040 ## - CATALOGING SOURCE
Transcribing agency GE_BSU
080 ## - UNIVERSAL DECIMAL CLASSIFICATION NUMBER
Universal Decimal Classification number 82-93:821.353.1-1
100 ## - MAIN ENTRY--PERSONAL NAME
Personal name გათენაძე,ბექირ
245 ## - TITLE STATEMENT
Title ციცინათელა
245 ## - TITLE STATEMENT
Remainder of title ლექსები სკოლამდელთათვის
245 ## - TITLE STATEMENT
Statement of responsibility, etc. რედ:ჟუჟუნა ხაჯიშვილი.
260 ## - PUBLICATION, DISTRIBUTION, ETC.
Place of publication, distribution, etc. ბათუმი.
260 ## - PUBLICATION, DISTRIBUTION, ETC.
Name of publisher, distributor, etc. ალიონი.
260 ## - PUBLICATION, DISTRIBUTION, ETC.
Date of publication, distribution, etc. 2005
300 ## - PHYSICAL DESCRIPTION
Extent 112გვ;ილ;19სმ.
653 ## - INDEX TERM--UNCONTROLLED
Uncontrolled term ლექსები
653 ## - INDEX TERM--UNCONTROLLED
Uncontrolled term ციცინათელა
942 ## - ADDED ENTRY ELEMENTS (KOHA)
Koha item type წიგნი
ეგზემპლარები
Withdrawn status Lost status Damaged status Not for loan Date acquired Barcode Date last seen Price effective from Koha item type
        2018-12-17 32890 2018-12-17 2018-12-17 წიგნი